000 00609nam a22001817a 4500
005 20231113145202.0
008 231113b |||||||| |||| 00| 0 eng d
020 _a0702133841
041 _aEnglish / Afrikaans
082 _a345.3 NEE
100 _aNeethling, J ; Potgieter, JM and Scott, TJ
_lEnglish
245 _aCase Book on the Law of Delict /
_cJ Neethling, JM Potgieter and TJ Scott
250 _aSecond Edition
260 _aCape Town :
_bJuta and Company Ltd,
_c1995
300 _bxv, 815 pages ;
_c25,7 cm.
650 _aLegal practice
_bLaw
942 _cBK
_6ALISON_BN_VRIES
999 _c589
_d589